Elementos para el análisis de mensajes /
সংরক্ষণ করুন:
| প্রধান লেখক: | |
|---|---|
| বিন্যাস: | অজ্ঞাত |
| ভাষা: | Spanish |
| প্রকাশিত: |
[San José, Costa Rica] :
Universidad de Costa Rica ,
1987.
|
| বিষয়গুলি: | |
| ট্যাগগুলো: |
ট্যাগ যুক্ত করুন
কোনো ট্যাগ নেই, প্রথমজন হিসাবে ট্যাগ করুন!
|
MARC
| LEADER | 000000000a22000000004500 | ||
|---|---|---|---|
| 001 | 006324 | ||
| 041 | 0 | |a spa | |
| 082 | 0 | 4 | |a 302.23 |b P949e |
| 100 | 1 | |a Prieto Castillo, Daniel | |
| 245 | 1 | 0 | |a Elementos para el análisis de mensajes / |c Daniel Prieto Castillo. |
| 260 | 1 | |a [San José, Costa Rica] : |b Universidad de Costa Rica , |c 1987. | |
| 300 | |a 186 páginas : |b ilustraciones | ||
| 650 | 4 | |a MEDIOS DE COMUNICACION | |
| 999 | |c 11949 |d 11949 | ||
| 942 | |c BK |h 302.23 P949e |2 z | ||
